Payment in blood (Record no. 53231)

MARC details
000 -LEADER
fixed length control field 00510nam a2200145 a 4500
008 - FIXED-LENGTH DATA ELEMENTS--GENERAL INFORMATION
fixed length control field 131001s2012 ||||||||||||||||| || u
020 ## - INTERNATIONAL STANDARD BOOK NUMBER
International Standard Book Number 9781444738278
050 ## - LIBRARY OF CONGRESS CALL NUMBER
Classification number PS 3557 .E478 P39
100 ## - MAIN ENTRY--PERSONAL NAME
Personal name George, Elizabeth
245 10 - TITLE STATEMENT
Title Payment in blood
Statement of responsibility, etc. by Elizabeth George
260 ## - PUBLICATION, DISTRIBUTION, ETC.
Place of publication, distribution, etc. London:
Name of publisher, distributor, etc. Hodder and Stoughton
Date of publication, distribution, etc. 2012
300 ## - PHYSICAL DESCRIPTION
Extent 395p.
650 ## - SUBJECT ADDED ENTRY--TOPICAL TERM
Topical term or geographic name entry element ENGLISH LANGUAGE
995 ## - RECOMMENDATION 995 [LOCAL, UNIMARC FRANCE]
-- CBU-MAIN LIBRARY (Kitwe)
-- 1
-- AVAILABLE
-- Oct 31, 2013
-- Fiction Collection
Holdings
Withdrawn status Lost status Source of classification or shelving scheme Damaged status Not for loan Home library Current library Shelving location Date acquired Total Checkouts Full call number Barcode Date last seen Price effective from Koha item type
          CBU-MAIN LIBRARY, KITWE. CBU-MAIN LIBRARY, KITWE.   11/30/2022   PS 3557 .E478 P39 744626 11/30/2022 11/30/2022 MONOGRAPH